| 000 | 01165nam a2200277Ia 4500 | ||
|---|---|---|---|
| 999 |
_c5403 _d5403 |
||
| 003 | OSt | ||
| 005 | 20200521082255.0 | ||
| 008 | 191128s1964 mx gr 000 0 spa d | ||
| 040 |
_aCO-JMCR _cCO-JMCR |
||
| 041 | 1 |
_aspa _hruso |
|
| 082 | 0 | 4 |
_a330.09 / _223 _bK182h |
| 100 | 1 |
_aKarataev, _eautor _94595 |
|
| 245 | 1 | 0 |
_aHistoria de las doctrinas económicas / _cKarataev, Ryndina, Stepanov [y otros] ; traducción directa del ruso por José Laín |
| 260 |
_aMéxico : _bGrijalbo, _c1964 |
||
| 300 |
_axv, 653 páginas ; _c22 cm. |
||
| 505 | _aSociedad esclavista, feudalismo y mercantilismo -- Economía política burguesa clásica, vulgar y pequeñoburguesa -- La oposición al régimen de servidumbre en Rusia -- Creación por C. Marx y F. Engels de la economía política del proletariado -- La economía | ||
| 534 | _pIstotii economicheskij uchenii | ||
| 546 | _aTraducido del ruso | ||
| 650 | 1 | 4 |
_aHistoria económica _94596 |
| 650 | 2 | 4 |
_aDoctrinas económicas _94597 |
| 650 | 2 | 4 |
_aPensamiento económico _92296 |
| 700 | 1 |
_aRyndina, _eautor _94598 |
|
| 700 | 1 |
_aStepanov, _eautor _94599 |
|
| 700 | 1 |
_aLaín, José, _etraductor _94600 |
|
| 942 |
_2ddc _cBK |
||